Establecimiento de manual organizacional y de fundaciones para la empresa industrial Don Pan S.A Planta ubicada en la carretera norte, Managua
Presente manual será un documento el cual mediante su implementación se mejorará la comunicación y relación entre las áreas de la empresa, tener un manual de funciones facilitará el proceso de reclutamiento, selección y contratación, definiendo cual es el perfil mínimo requerido y cuál e...
| Main Authors: | , , |
|---|---|
| Other Authors: | |
| Format: | Tesis Section = Libro |
| Language: | Undetermined Spanish |
| Published: |
Managua
UNI
2019
|
| Subjects: |
| LEADER | 01551nam a2200277Ia 4500 | ||
|---|---|---|---|
| 008 | 240830s9999 xx 000 0 und d | ||
| 040 | |a BIBLIOTECA-RUPAP Mon 658.402 A118 | ||
| 041 | |a spa | ||
| 082 | |a Mon 658.402 A118 | ||
| 100 | 1 | |a Abarca Dávila, Miguel Ángel | |
| 100 | 1 | |b Sánchez Tapia, Alberto Cesar | |
| 100 | 1 | |c Reyes Góngora, Moisés Ramón, coaut | |
| 245 | 1 | 0 | |a Establecimiento de manual organizacional y de fundaciones para la empresa industrial Don Pan S.A Planta ubicada en la carretera norte, Managua |
| 260 | |a Managua |b UNI |c 2019 | ||
| 300 | |a 165 p. :il. | ||
| 500 | |a Contiene: anexos y CD. | ||
| 502 | |a Tesis (Ingeniero Industrial)- UNI, 2019. | ||
| 520 | 3 | |a Presente manual será un documento el cual mediante su implementación se mejorará la comunicación y relación entre las áreas de la empresa, tener un manual de funciones facilitará el proceso de reclutamiento, selección y contratación, definiendo cual es el perfil mínimo requerido y cuál es la descripción detallada de todas las competencias, experiencias, funciones, nivel académico, etc así como ser un documento de referencia al cual se podrá recurrir al momento de inducir al personal de nuevo ingreso y el cumplimiento de los objetivos estipulados por la empresa. | |
| 650 | 7 | |a ORGANIZACIÓN- MANUALES | |
| 650 | 7 | |b MANUALES ADMINISTRATIVOS | |
| 650 | 7 | |c DESCRIPCION DEL TRABAJO | |
| 650 | 7 | |d ANALISIS OCUPACIONAL | |
| 700 | 1 | |a Tutor: |b Chavarría Morales, Axel Yamil | |
| 942 | |c BK |2 ddc | ||
| 991 | |a TESIS | ||
| 999 | |c 17244 | ||